000
00255nam a2200109Ia 4500
008
190216s9999||||xx |||||||||||||| ||und||
100
_a
Oomman
245
0
_a
"Economic Devolopment U K,U S A."
260
_b
Viswanathan S.
650
_a
Economics
942
_c
BK
999
_c
9092
_d
9092